Contexto de las organizaciones civiles centroamericanas en la atención al sida en poblaciones móviles /
Պահպանված է:
| Հիմնական հեղինակ: | |
|---|---|
| Այլ հեղինակներ: | , , , , |
| Ձևաչափ: | Տեքստ |
| Ցուցիչներ: |
Ավելացրեք ցուցիչ
Չկան պիտակներ, Եղեք առաջինը, ով նշում է այս գրառումը!
|
MARC
| LEADER | 00000 a a2200000 04500 | ||
|---|---|---|---|
| 001 | 47370 | ||
| 003 | |||
| 040 | |||
| 100 | |a Gómez-Jáuregui, Jesica | ||
| 245 | |a Contexto de las organizaciones civiles centroamericanas en la atención al sida en poblaciones móviles / |c Jesica Gómez-Jáuregui, Marta Caballero, César Infante, Rosibel Cruz, Rosario Cuadra, Tonatiuh González | ||
| 700 | |a Marta Caballero, | ||
| 700 | |a Infante, César | ||
| 700 | |a Cruz, Rosibel | ||
| 700 | |a Cuadra, Rosario | ||
| 700 | |a González, Tonatiuh | ||
| 773 | |g volumen55, (2013), páginas s15-s22 | ||
| 999 | |c 25988 |d 25988 | ||
